|
|
|
|
| LEADER |
00000nam0a2200000 4500 |
| 001 |
358801 |
| 005 |
20231102011129.0 |
| 035 |
|
|
|a (RuTPU)RU\TPU\retro\16073
|
| 090 |
|
|
|a 358801
|
| 100 |
|
|
|a 20200826d1977 km y0rusy50 ca
|
| 101 |
0 |
|
|a rus
|
| 102 |
|
|
|a RU
|
| 105 |
|
|
|a a z 001zy
|
| 200 |
1 |
|
|a Бассейны подземных вод горноскладчатых областей восточной Азии. Закономерности развития и строения, проблемы типизации и картирования
|f К. П. Караванов
|g Академия наук СССР, Дальневосточный научный центр, Тихоокеанский институт географии ; под ред. Е. В. Пиннекера
|
| 210 |
|
|
|a Москва
|c Наука
|d 1977
|
| 215 |
|
|
|a 144 с.
|c ил.
|
| 320 |
|
|
|a Библиогр.: с. 131-141
|
| 606 |
1 |
|
|a Воды подземные
|x (геология)
|2 stltpush
|3 (RuTPU)RU\TPU\subj\68168
|9 83651
|
| 610 |
1 |
|
|a бассейны
|
| 610 |
1 |
|
|a Восточная Азия
|
| 610 |
1 |
|
|a складчатые области
|
| 610 |
1 |
|
|a строение
|
| 610 |
1 |
|
|a морфология
|
| 610 |
1 |
|
|a артезианские бассейны
|
| 610 |
1 |
|
|a грунтовые воды
|
| 610 |
1 |
|
|a геотектонические процессы
|
| 610 |
1 |
|
|a диагенез
|
| 610 |
1 |
|
|a магматизм
|
| 610 |
1 |
|
|a метаморфизм
|
| 610 |
1 |
|
|a подземные водообменные системы
|
| 675 |
|
|
|a 556.3
|v 4
|
| 700 |
|
1 |
|a Караванов
|b К. П.
|g Константин Прохорович
|
| 702 |
|
1 |
|a Пиннекер
|b Е. В.
|4 340
|
| 712 |
0 |
2 |
|a Академия наук СССР
|b Дальневосточный научный центр
|b Тихоокеанский институт географии
|c (Владивосток)
|2 stltpush
|3 (RuTPU)RU\TPU\col\11517
|9 25143
|
| 801 |
|
1 |
|a RU
|b 63413507
|c 20200826
|
| 801 |
|
2 |
|a RU
|b 63413507
|c 20210210
|g RCR
|
| 942 |
|
|
|c BK
|